| 000 | 00559nam a2200169 a 4500 | ||
|---|---|---|---|
| 001 | 000025501 | ||
| 005 | 20200930023832.0 | ||
| 008 | 110217s1981 dr 000 0 spa d | ||
| 040 |
_aDO-SdBNP _bspa _cBNPHU |
||
| 082 |
_axxxx _bR297d |
||
| 245 | 0 | 0 |
_aRecientes descubrimientos sobre el origen del hombre / _cprólogo Thodore Monod. |
| 260 |
_aSanto Domingo : _bAlfa & Omega, _c1981. |
||
| 300 |
_a119 p. ; _c18 cm. |
||
| 504 | _aIncluye referencias bilbliográficas y notas al pie de las páginas | ||
| 700 | 1 |
_aMonod, Thodore, _epról. _952145 |
|
| 049 | _aBNPD | ||
| 999 |
_c24993 _d24993 |
||